000 01077nam a2200289 i 4500
001 183694
003 ES-MaACL
005 20231219062542.0
008 140924s2013 sp aco |||| |dspa d
020 _a9780986463624
080 _a(=622.821.3)
080 _a913(82)
100 1 _aAbellán, José Luis,
_d1933-2023
_9176509
245 1 3 _aEl mundo visto desde las antípodas
_b: Aotearoa-Nueva Zelanda /
_cJosé Luis Abellán ; edición y prólogo de Wendy-Llyn Zaza.
260 _aAuckland (Nueva Zelanda) ;
_aSalamanca :
_bAmbosmundos,
_c[2013]
300 _a115 p. :
_bil. col. ;
_c24 cm.
500 _aGlosario.
504 _aReferencias bibliográficas.
650 4 _aMaoríes (Pueblo neozelandés)
_9155597
651 4 _aNueva Zelanda-
_xDescripción.
_9155596
700 1 _aZaza, Wendy-Llyn.
_9155595
852 _aES-MaACL
_jA-13257
_9190641
_bR.150096
_cDEPO1
_dOlim: N-6257
_hDonante: José Luis Abellán
903 _aAbellán, José Luis,
_d1933-2023
_ednr
_9176509
942 _2udc
_cMONOGRAFIA
999 _c183694
_d183694